Statistics for Musical Acts by Letter - A

Click here to take the quiz!

General Stats

  • This quiz has been taken 36,582 times
    (10,851 since last reset)
  • The average score is 12 of 20

Answer Stats

Years ActiveCountrySongsBand or Artist% Correct
1973 - 1978
2018 -
Dancing Queen | Super TrouperABBA
96%
2008 -Set Fire to the Rain | HelloAdele
91%
2003 - 2011Rehab | Back to BlackAmy Winehouse
84%
2002 -Sk8er Boi | ComplicatedAvril Lavigne
81%
1985 -Take on Me | The Living DaylightsA-ha
75%
1973 -Walk This Way | Dream OnAerosmith
74%
2013 -Thank U, Next | 7 RingsAriana Grande
71%
1961 - 2018Respect | Chain of FoolsAretha Franklin
70%
2013 - 2018Wake Me Up | Hey BrotherAvicii
70%
1975 -Dirty Deeds Done Dirt Cheap | Let There be RockAC/DC
69%
1991 -Ironic | Hand in My PocketAlanis Morissette
60%
2001 -Girl on Fire | If I Aint' Got YouAlicia Keys
57%
1969 -School's Out | PoisonAlice Cooper
56%
1964 -The House of the Rising Sun | Inside-Looking OutThe Animals
55%
1992 - 2015All That She Wants | The SignAce of Base
48%
2006 -I Bet You Look Good on the Dancefloor |
Fluorescent Adolescent
Arctic Monkeys
44%
1971 -A Horse with No Name | Sister Golden HairAmerica
40%
1967 -Let's Stay Together | Call MeAl Green
26%
1969 - 2014Ramblin' Man | Whipping PostThe Allman Brothers Band
23%
2004 -Keep the Car Running | Neon BibleArcade Fire
20%

Score Distribution

Percentile by Number Answered

Percent of People with Each Score

Your Score History

You have not taken this quiz since the last reset